[Event "Thessaloniki Triandria op 10th"]
[Site "Thessaloniki"]
[Date "2017.04.18"]
[Round "2"]
[White "Georgiev, Krum"]
[Black "Bribos, Evangelos"]
[Result "1-0"]
[WhiteElo "2358"]
[BlackElo "1995"]
[PlyCount "53"]
[EventDate "2017.04.17"]
[EventType "swiss"]
[EventRounds "9"]
[EventCountry "GRE"]
[SourceTitle "CBM 178 Extra"]
[Source "ChessBase"]
[SourceDate "2017.06.22"]
[SourceVersion "1"]
[SourceVersionDate "2017.06.22"]
[SourceQuality "1"]

1. e4 c5 2. Nf3 d6 3. c3 Nf6 4. Be2 Nc6 5. d4 cxd4 6. cxd4 d5 7. e5 Ne4 8. 0-0 g6 9. Be3 Bg7 10. Ne1 f6 11. f3 Ng5 12. Nc3 0-0 13. f4 fxe5 14. fxe5 Rxf1+ 15. Bxf1 Ne6 16. Rc1 Nc7 17. Nd3 Bf5 18. Nc5 Rb8 19. h3 b6 20. Nd3 Bxd3 21. Bxd3 e6 22. Nb5 Nxb5 23. Rxc6 a6 24. a4 Nc7 25. Qc2 Rb7 26. Bxa6 Ra7 27. Be2 1-0

[Event "Thessaloniki White Tower A"]
[Site "Thessaloniki"]
[Date "2014.01.04"]
[Round "3.4"]
[White "Bribos, Evangelos"]
[Black "Kesidis, Odyseas"]
[Result "0-1"]
[WhiteElo "1980"]
[BlackElo "2142"]
[PlyCount "114"]
[EventDate "2014.01.02"]
[EventType "swiss"]
[EventRounds "7"]
[EventCountry "GRE"]
[SourceTitle "EXT 2024"]
[Source "ChessBase"]
[SourceDate "2023.10.10"]
[SourceVersion "1"]
[SourceVersionDate "2023.10.10"]
[SourceQuality "1"]

1. d4 Nf6 2. Nf3 e6 3. g3 b5 4. Bg2 Bb7 5. 0-0 c5 6. c4 bxc4 7. Qa4 cxd4 8. Nxd4 Bxg2 9. Kxg2 Be7 10. Qxc4 0-0 11. Nc3 d5 12. Qb5 Qd7 13. Bf4 a6 14. Qa4 Rc8 15. Bxb8 Raxb8 16. Qxa6 e5 17. Nb3 d4 18. Rfd1 Ra8 19. Qb5 Qe6 20. Nxd4 exd4 21. Rxd4 Rab8 22. Qd3 Rxb2 23. e4 h5 24. h3 Bc5 25. Rd8+ Rxd8 26. Qxd8+ Kh7 27. Rf1 Qc4 28. e5 Qxc3 29. exf6 Qxf6 30. Qxf6 gxf6 31. a4 Ra2 32. a5 Rxa5 33. Rc1 Ba7 34. Rc2 Kg6 35. h4 Kf5 36. f3 Rb5 37. Ra2 Bd4 38. Kh3 Kg6 39. Rd2 Rb4 40. Rd1 Be5 41. Rd8 Rb3 42. Kg2 Rb2+ 43. Kh3 Bc7 44. Rd5 Bb6 45. Rd1 Be3 46. Re1 Rb3 47. Kg2 Kf5 48. Ra1 Rb2+ 49. Kh3 Rf2 50. Ra5+ Kg6 51. f4 Rc2 52. g4 Bxf4 53. gxh5+ Kh6 54. Kg4 Be5 55. Ra8 Rc4+ 56. Kh3 f5 57. Rg8 Rc3+ 0-1

[Event "White Tower op 6th"]
[Site "Thessaloniki"]
[Date "2002.12.26"]
[Round "6.10"]
[White "Bribos, Evangelos"]
[Black "Oreopoulos, Konstantinos"]
[Result "0-1"]
[WhiteElo "2058"]
[BlackElo "2260"]
[PlyCount "142"]
[EventDate "2002.12.21"]
[EventType "swiss"]
[EventRounds "9"]
[EventCountry "GRE"]
[SourceTitle "EXT 2004"]
[Source "ChessBase"]
[SourceDate "2003.11.25"]
[SourceVersion "1"]
[SourceVersionDate "2003.11.25"]
[SourceQuality "1"]

1. e4 e6 2. d4 d5 3. e5 c5 4. c3 Nc6 5. Be3 f6 6. f4 Qb6 7. Qd2 Bd7 8. Nf3 Nh6 9. Be2 Be7 10. h3 Nf5 11. Bf2 fxe5 12. fxe5 h5 13. 0-0 0-0-0 14. dxc5 Bxc5 15. b4 Bxf2+ 16. Rxf2 Ng3 17. Bd3 Ne4 18. Qe2 Nxf2 19. Qxf2 Qc7 20. Qe3 d4 21. cxd4 Nxb4 22. Be4 Nc2 23. Bxc2 Qxc2 24. Nc3 Bc6 25. d5 exd5 26. Nd4 Qg6 27. e6 Qh6 28. Qd3 Rd6 29. Re1 Re8 30. Ncb5 Bxb5 31. Qxb5 Rdxe6 32. Nxe6 Rxe6 33. Qc5+ Rc6 34. Qf8+ Kc7 35. Qe7+ Kb8 36. Qd8+ Rc8 37. Qxd5 Qb6+ 38. Kh1 g6 39. Qe5+ Qc7 40. Qe2 a6 41. Qe6 Qg3 42. Qe2 Rc6 43. Rb1 Qc7 44. Qe8+ Qc8 45. Qe5+ Qc7 46. Qe8+ Qc8 47. Qe5+ Ka8 48. Qe4 Qf5 49. Qb4 Qc8 50. Rf1 Rc1 51. Rxc1 Qxc1+ 52. Kh2 Qc7+ 53. Kh1 Qc6 54. Qd4 Kb8 55. Qe5+ Ka7 56. Qd4+ Qb6 57. Qe4 Qf6 58. Qe3+ b6 59. Qb3 Qf1+ 60. Kh2 Qf4+ 61. Kh1 b5 62. Qd5 Qf1+ 63. Kh2 Qf4+ 64. Kh1 Qc1+ 65. Kh2 Kb6 66. Qd8+ Qc7+ 67. Qxc7+ Kxc7 68. Kg3 a5 69. Kf4 Kd6 70. g3 Kd5 71. Kg5 b4 0-1

[Event "GRE-chT 28th"]
[Site "Kavala"]
[Date "1999.??.??"]
[Round "?"]
[White "Bribos, Evangelos"]
[Black "Vragoteris, Antonios"]
[Result "0-1"]
[WhiteElo "2053"]
[BlackElo "2300"]
[PlyCount "98"]
[EventDate "1999.??.??"]
[EventType "team"]
[EventRounds "8"]
[EventCountry "GRE"]
[SourceTitle "EXT 2002"]
[Source "ChessBase"]
[SourceDate "2001.11.25"]
[SourceVersion "1"]
[SourceVersionDate "2001.11.25"]
[SourceQuality "1"]

1. e4 c5 2. c3 Nf6 3. e5 Nd5 4. d4 cxd4 5. Nf3 e6 6. cxd4 b6 7. Nc3 Nxc3 8. bxc3 Qc7 9. Bd2 d6 10. Bd3 Nd7 11. exd6 Bxd6 12. 0-0 Bb7 13. Qe2 0-0 14. Be4 Rac8 15. Rfe1 Nf6 16. Bxb7 Qxb7 17. Ne5 Bxe5 18. Qxe5 Qd5 19. Qf4 Qh5 20. Rac1 Rc4 21. h3 Nd5 22. Qg3 Qg6 23. Qf3 Rfc8 24. h4 h6 25. h5 Qf6 26. Qg3 b5 27. Qd6 Qd8 28. Qg3 Qf6 29. Qd6 R4c6 30. Qa3 a6 31. Qb3 Qh4 32. Re5 Rc4 33. a3 Nf6 34. f3 Nd5 35. Be1 Qf4 36. Rc2 Rxd4 37. cxd4 Rxc2 38. Qxc2 Qxd4+ 39. Bf2 Qxe5 40. Qc8+ Kh7 41. Qxa6 Nf4 42. Qc6 Nxh5 43. Bc5 Qe1+ 44. Kh2 Qg3+ 45. Kh1 Nf4 46. Qe4+ f5 47. Qc2 Qh4+ 48. Kg1 Qe1+ 49. Kh2 Ne2 0-1

[Event "GRE-chT"]
[Site "Athens"]
[Date "1997.??.??"]
[Round "9"]
[White "Ilandzis, Spyridon"]
[Black "Bribos, Evangelos"]
[Result "1-0"]
[WhiteElo "2220"]
[BlackElo "2090"]
[PlyCount "69"]
[EventDate "1997.??.??"]
[EventType "team-swiss"]
[EventRounds "9"]
[EventCountry "GRE"]
[SourceTitle "EXT 2002"]
[Source "ChessBase"]
[SourceDate "2001.11.25"]
[SourceVersion "1"]
[SourceVersionDate "2001.11.25"]
[SourceQuality "1"]

1. e4 g6 2. d4 Bg7 3. Bc4 d6 4. Qf3 e6 5. Be3 Ne7 6. Nc3 c6 7. h4 h5 8. Nh3 d5 9. Bb3 0-0 10. 0-0-0 b5 11. e5 f6 12. exf6 Bxf6 13. Qg3 Kh7 14. Bg5 Bg7 15. Nf4 Nf5 16. Qd3 Bf6 17. Kb1 a5 18. a4 b4 19. Nce2 Ra7 20. Qf3 Ng7 21. c3 e5 22. dxe5 Bxg5 23. hxg5 Bf5+ 24. Ka2 Qxg5 25. Qe3 Qe7 26. f3 Be6 27. g4 Bf7 28. gxh5 gxh5 29. e6 Be8 30. Rdg1 Na6 31. Bc2+ Kg8 32. Nxh5 Bxh5 33. Rxh5 Re8 34. Rh8+ Kxh8 35. Qh6+ 1-0

[Event "GRE-chT"]
[Site "Athens"]
[Date "1997.??.??"]
[Round "8"]
[White "Pandavos, Emanouel"]
[Black "Bribos, Evangelos"]
[Result "1-0"]
[WhiteElo "2330"]
[BlackElo "2090"]
[PlyCount "91"]
[EventDate "1997.??.??"]
[EventType "team-swiss"]
[EventRounds "9"]
[EventCountry "GRE"]
[SourceTitle "EXT 2002"]
[Source "ChessBase"]
[SourceDate "2001.11.25"]
[SourceVersion "1"]
[SourceVersionDate "2001.11.25"]
[SourceQuality "1"]

1. e4 g6 2. d4 Bg7 3. Nc3 d6 4. Be3 Nc6 5. h3 Nf6 6. Qd2 0-0 7. Nf3 e5 8. 0-0-0 Re8 9. Bg5 Nxd4 10. Nxd4 exd4 11. Qxd4 h6 12. Bxf6 Bxf6 13. Qd2 Be6 14. Kb1 c6 15. Bd3 Bg7 16. f4 Qa5 17. a3 b5 18. Ne2 Qb6 19. Rhf1 f5 20. exf5 gxf5 21. g4 Bf7 22. gxf5 Bf6 23. Rg1+ Kh8 24. Ng3 Rg8 25. Ne2 a5 26. Be4 d5 27. Bf3 Qf2 28. Rxg8+ Rxg8 29. Nd4 Qg3 30. Bg4 h5 31. Be2 Qf2 32. Bf3 Qg3 33. Be2 Qh2 34. Bf3 Qg3 35. Be2 Qh2 36. Bf3 Qg3 37. c3 Kh7 38. Be2 Qf2 39. Nxc6 Re8 40. Bxb5 Re2 41. Qxe2 Qxf4 42. Qc2 h4 43. Rc1 Qg5 44. Qf2 Bh5 45. Nd4 Bxd4 46. Qxd4 1-0